Competency level of faculty teaching Mechanical Technology program in selected universities and colleges in Region IV-A : basis for an action plan / (Record no. 2893)

MARC details
000 -LEADER
fixed length control field 01091nam a22002417a 4500
003 - CONTROL NUMBER IDENTIFIER
control field OSt
005 - DATE AND TIME OF LATEST TRANSACTION
control field 20240401215446.0
008 - FIXED-LENGTH DATA ELEMENTS--GENERAL INFORMATION
fixed length control field 240401b ||||| |||| 00| 0 eng d
040 ## - CATALOGING SOURCE
Language of cataloging English.
Transcribing agency CvSU-CCAT Campus Library.
Description conventions rda.
050 ## - LIBRARY OF CONGRESS CALL NUMBER
Classification number UM LB 1731
Item number L87 2019
100 ## - MAIN ENTRY--PERSONAL NAME
Personal name Luseco, William P., author.
9 (RLIN) 9956
245 ## - TITLE STATEMENT
Title Competency level of faculty teaching Mechanical Technology program in selected universities and colleges in Region IV-A : basis for an action plan /
Statement of responsibility, etc. William P. Luseco.
260 ## - PUBLICATION, DISTRIBUTION, ETC.
Place of publication, distribution, etc. Rosario, Cavite :
Name of publisher, distributor, etc. Cavite State University-CCAT Campus,
Date of publication, distribution, etc. 2019.
300 ## - PHYSICAL DESCRIPTION
Extent 89 leaves :
Other physical details illustrations ;
Dimensions 28 cm
500 ## - GENERAL NOTE
General note A Thesis (Master of Arts in Education Major in Educational Management) --Cavite State University-CCAT Campus, 2019.
504 ## - BIBLIOGRAPHY, ETC. NOTE
Bibliography, etc. note Includes bibliographical references and appendices.
546 ## - LANGUAGE NOTE
Language note In English text.
650 ## - SUBJECT ADDED ENTRY--TOPICAL TERM
Topical term or geographic name entry element Teachers effectiveness
General subdivision Region IV-A.
9 (RLIN) 9957
650 ## - SUBJECT ADDED ENTRY--TOPICAL TERM
Topical term or geographic name entry element Teaching.
9 (RLIN) 1063
650 ## - SUBJECT ADDED ENTRY--TOPICAL TERM
Topical term or geographic name entry element Teachers -- Training of -- Philippines.
9 (RLIN) 9958
942 ## - ADDED ENTRY ELEMENTS (KOHA)
Source of classification or shelving scheme Library of Congress Classification
Koha item type Thesis/Manuscripts/Dissertations
Classification part LB 1731 L87 2019
Call number prefix UM
Holdings
Withdrawn status Lost status Source of classification or shelving scheme Damaged status Not for loan Collection code Home library Current library Shelving location Date acquired Coded location qualifier Total Checkouts Full call number Barcode Date last seen Copy number Price effective from Koha item type
    Library of Congress Classification     Thesis/Manuscript/Dissertation Cavite State University - CCAT Campus Cavite State University - CCAT Campus TH 04/01/2024 UM   UM LB 1731 L87 2019 T0012169 10/24/2025 1 04/01/2024 Thesis/Manuscripts/Dissertations